[Event "Guimaraes 2nd"]
[Site "Guimaraes"]
[Date "2018.10.06"]
[Round "5"]
[White "Silva, Pedro Gil Ferreira"]
[Black "Lomba, Lucas"]
[Result "1-0"]
[WhiteElo "1837"]
[BlackElo "1398"]
[PlyCount "47"]
[EventDate "2018.10.04"]
[EventType "swiss"]
[EventRounds "7"]
[EventCountry "POR"]
[SourceTitle "CBM 186 Extra"]
[Source "ChessBase"]
[SourceDate "2018.08.24"]
[SourceVersion "1"]
[SourceVersionDate "2018.08.24"]
[SourceQuality "1"]

1. e4 e5 2. Nf3 Nc6 3. d4 exd4 4. Nxd4 Nf6 5. Nxc6 bxc6 6. Qe2 Be7 7. e5 Nd5 8. Qg4 g6 9. Bh6 d6 10. Qc4 Bb7 11. exd6 Qxd6 12. Nd2 0-0-0 13. 0-0-0 Rhe8 14. Qg4+ Kb8 15. h4 Bc8 16. Qf3 Bf8 17. Bxf8 Rxf8 18. Nc4 Qe6 19. Na5 Nb4 20. Bc4 Rxd1+ 21. Rxd1 Qf5 22. Qxf5 Bxf5 23. c3 Bc2 24. Rd2 1-0

[Event "POR-ch Amateur U1600"]
[Site "Braga"]
[Date "2018.09.07"]
[Round "2"]
[White "Lomba, Lucas"]
[Black "Carvalho, Vitor Manuel Moreir"]
[Result "1-0"]
[WhiteElo "1383"]
[BlackElo "1476"]
[PlyCount "85"]
[EventDate "2018.09.06"]
[EventType "swiss"]
[EventRounds "5"]
[EventCountry "POR"]
[SourceTitle "EXT 2024"]
[Source "ChessBase"]
[SourceDate "2023.10.10"]
[SourceVersion "1"]
[SourceVersionDate "2023.10.10"]
[SourceQuality "1"]

1. e4 d6 2. d4 Nf6 3. Nc3 g6 4. Nf3 Bg7 5. Be2 0-0 6. 0-0 a6 7. Bg5 b6 8. e5 Nfd7 9. exd6 cxd6 10. Qd2 Re8 11. Bc4 Qc7 12. Bb3 e6 13. Qf4 Bb7 14. Rfe1 Bxf3 15. Qxf3 Nc6 16. Nd5 Qc8 17. Nf6+ Nxf6 18. Bxf6 Nxd4 19. Bxd4 Bxd4 20. Rad1 Bc5 21. h4 Qd8 22. Re4 Kg7 23. h5 d5 24. Rf4 Ra7 25. hxg6 hxg6 26. g3 Rh8 27. Kg2 Bd6 28. Qc3+ f6 29. Rf3 Be5 30. Qe3 Qd6 31. c3 Kg8 32. Rh1 Rah7 33. Rxh7 Rxh7 34. Bc2 Kg7 35. Qd3 f5 36. Qxa6 Kf6 37. Qc8 Qe7 38. Re3 Bd6 39. Bb3 Qd7 40. Qg8 Qf7 41. Qd8+ Be7 42. Qxb6 Qg8 43. Bxd5 1-0

[Event "Famalicao op 6th"]
[Site "Famalicao"]
[Date "2018.07.30"]
[Round "3"]
[White "Lomba, Lucas"]
[Black "Levi, Netanel"]
[Result "0-1"]
[WhiteElo "1311"]
[BlackElo "1953"]
[PlyCount "92"]
[EventDate "2018.07.29"]
[EventType "swiss"]
[EventRounds "9"]
[EventCountry "POR"]
[SourceTitle "CBM 185 Extra"]
[Source "ChessBase"]
[SourceDate "2018.07.29"]
[SourceVersion "1"]
[SourceVersionDate "2018.07.29"]
[SourceQuality "1"]

1. e4 c5 2. Nf3 Nc6 3. d4 cxd4 4. Nxd4 e5 5. Nf3 Nf6 6. Nc3 Bb4 7. Bd2 Bxc3 8. Bxc3 Nxe4 9. Nxe5 Nxc3 10. Nxc6 Nxd1 11. Nxd8 Nxb2 12. Nxb7 Bxb7 13. Rb1 Bxg2 14. Bxg2 Rb8 15. 0-0 0-0 16. Rfe1 Nc4 17. Rbd1 Nb6 18. Re7 Rfe8 19. Rde1 Kf8 20. R7e3 Rxe3 21. Rxe3 Re8 22. Ra3 Re1+ 23. Bf1 Nc4 24. Rd3 Ke7 25. Kg2 Re4 26. Rg3 g6 27. Bd3 Rf4 28. Rg5 f5 29. Rg3 d5 30. Bxc4 Rxc4 31. Ra3 Rc7 32. Ra6 Kd7 33. Kf3 Kc8 34. Ke3 Kb7 35. Rd6 Rxc2 36. Rxd5 Kc6 37. Ra5 Kb6 38. Ra3 a5 39. Rb3+ Kc6 40. a3 a4 41. Rb4 Rc3+ 42. Kd4 Rxa3 43. Rc4+ Kd6 44. Rc8 Rh3 45. Ra8 Rxh2 46. Rxa4 Rh4+ 0-1

[Event "Famalicao op 5th"]
[Site "Famalicao"]
[Date "2017.07.30"]
[Round "3"]
[White "Areal, Pedro"]
[Black "Lomba, Lucas"]
[Result "1-0"]
[WhiteElo "1757"]
[BlackElo "1257"]
[PlyCount "64"]
[EventDate "2017.07.29"]
[EventType "swiss"]
[EventRounds "9"]
[EventCountry "POR"]
[SourceTitle "EXT 2018"]
[Source "ChessBase"]
[SourceDate "2017.10.13"]
[SourceVersion "1"]
[SourceVersionDate "2017.10.13"]
[SourceQuality "1"]

1. d4 Nf6 2. Bg5 g6 3. Bxf6 exf6 4. g3 Bg7 5. Bg2 d6 6. c4 f5 7. e3 0-0 8. Ne2 c5 9. Nbc3 Nc6 10. 0-0 Bd7 11. Rb1 b6 12. a3 Rc8 13. Qd3 Qc7 14. Nb5 Qd8 15. Nxd6 Rb8 16. Nb5 a6 17. Nbc3 Re8 18. Rfd1 cxd4 19. exd4 Na7 20. d5 b5 21. c5 b4 22. axb4 Rxb4 23. c6 Bc8 24. d6 Be6 25. Qxa6 Qb6 26. Qxb6 Rxb6 27. d7 Rd8 28. Nd4 Bxd4 29. Rxd4 Nxc6 30. Rd6 Bxd7 31. Nd5 Rb7 32. Nf6+ Kg7 1-0

[Event "POR-ch U14"]
[Site "Luso"]
[Date "2017.04.12"]
[Round "8"]
[White "Paiva, Manuel Araujo Carva"]
[Black "Lomba, Lucas"]
[Result "0-1"]
[WhiteElo "1260"]
[BlackElo "1218"]
[PlyCount "92"]
[EventDate "2017.04.08"]
[EventType "swiss"]
[EventRounds "8"]
[EventCountry "POR"]
[SourceTitle "EXT 2018"]
[Source "ChessBase"]
[SourceDate "2017.10.13"]
[SourceVersion "1"]
[SourceVersionDate "2017.10.13"]
[SourceQuality "1"]

1. e4 c5 2. Nf3 g6 3. d4 cxd4 4. Nxd4 Nc6 5. Be3 Nf6 6. Nd2 Bg7 7. c3 d6 8. Be2 0-0 9. 0-0 Bd7 10. Bd3 Ng4 11. Nxc6 Nxe3 12. Qe2 bxc6 13. Qxe3 Rb8 14. Rab1 Be6 15. Bc4 Bxc4 16. Nxc4 d5 17. Rfd1 Qc7 18. Nd2 e6 19. Nb3 Qb6 20. Qxb6 axb6 21. Re1 Rfd8 22. e5 c5 23. Rbd1 Rb7 24. f4 Rbd7 25. Rd2 Bh6 26. g3 g5 27. Rf1 d4 28. cxd4 c4 29. Na1 Rxd4 30. Rdf2 gxf4 31. gxf4 Rd1 32. Kg2 Rxf1 33. Rxf1 Rd2+ 34. Kg3 Rxb2 35. a4 Ra2 36. h4 Rxa4 37. Kg4 c3 38. h5 b5 39. Rf3 Rxa1 40. Rxc3 Rb1 41. f5 Rg1+ 42. Kf3 exf5 43. Rc8+ Kg7 44. Rb8 Rb1 45. Rb7 Rb3+ 46. Ke2 Re3+ 0-1

[Event "Famalicao op 4th"]
[Site "Famalicao"]
[Date "2016.07.30"]
[Round "2"]
[White "Fernandes, David Manuel da Sil"]
[Black "Lomba, Lucas"]
[Result "1-0"]
[WhiteElo "1366"]
[BlackElo "1142"]
[PlyCount "81"]
[EventDate "2016.07.30"]
[EventType "swiss"]
[EventRounds "7"]
[EventCountry "POR"]
[SourceTitle "CBM 173 Extra"]
[Source "ChessBase"]
[SourceDate "2016.08.29"]
[SourceVersion "1"]
[SourceVersionDate "2016.08.29"]
[SourceQuality "1"]

1. d4 d5 2. Nf3 Nf6 3. Bf4 Bf5 4. Nc3 e6 5. a3 Nbd7 6. e3 Nb6 7. Nb5 Bd6 8. Ne5 0-0 9. Qf3 Bxc2 10. Rc1 Ba4 11. Nxd6 cxd6 12. Nd3 Nc4 13. Be2 Re8 14. Bg5 Rc8 15. Bxf6 Qxf6 16. Qxf6 gxf6 17. 0-0 e5 18. Bg4 Rc7 19. Nb4 Nxe3 20. Rxc7 Nxg4 21. Nxd5 exd4 22. h3 Bc6 23. hxg4 Bxd5 24. Rd1 Re4 25. f3 Rf4 26. Rd7 Bb3 27. Rd2 d5 28. Rxb7 Bc4 29. Rxa7 d3 30. a4 Bb3 31. a5 Bc2 32. Rb7 Ra4 33. b4 Ra2 34. Kf2 d4 35. Rb6 Kg7 36. f4 Bb3 37. Rxa2 Bxa2 38. Ke1 Bd5 39. g3 Bf3 40. g5 fxg5 41. fxg5 1-0

[Event "Famalicao op 4th"]
[Site "Famalicao"]
[Date "2016.07.30"]
[Round "1"]
[White "Lomba, Lucas"]
[Black "Fernandes, Miguel A Murtinho"]
[Result "0-1"]
[WhiteElo "1142"]
[BlackElo "1986"]
[PlyCount "68"]
[EventDate "2016.07.30"]
[EventType "swiss"]
[EventRounds "7"]
[EventCountry "POR"]
[SourceTitle "CBM 173 Extra"]
[Source "ChessBase"]
[SourceDate "2016.08.29"]
[SourceVersion "1"]
[SourceVersionDate "2016.08.29"]
[SourceQuality "1"]

1. e4 e6 2. d4 c5 3. Nf3 cxd4 4. Nxd4 a6 5. Nc3 Qc7 6. Bc4 Qxc4 7. f4 Bb4 8. Bd2 Qxd4 9. Rf1 Bxc3 10. Bxc3 Qxd1+ 11. Rxd1 Nf6 12. e5 Nd5 13. Rf3 Nxc3 14. Rxc3 Nc6 15. a3 b5 16. b4 Bb7 17. g3 Ke7 18. Rd6 f6 19. Rcd3 Rhd8 20. exf6+ gxf6 21. Ke2 a5 22. c3 axb4 23. axb4 Ra2+ 24. Rd2 Rxd2+ 25. Rxd2 d5 26. Ke3 e5 27. h4 d4+ 28. cxd4 exd4+ 29. Kf2 Nxb4 30. Ke1 d3 31. Kf2 Rc8 32. Rd1 Rc2+ 33. Ke3 f5 34. Rd2 Be4 0-1

[Event "POR-ch U14"]
[Site "Luso"]
[Date "2016.07.21"]
[Round "3"]
[White "Castro, Luis Filipe Ferreir"]
[Black "Lomba, Lucas"]
[Result "0-1"]
[WhiteElo "1806"]
[BlackElo "1142"]
[PlyCount "42"]
[EventDate "2016.07.20"]
[EventType "swiss"]
[EventRounds "7"]
[EventCountry "POR"]
[SourceTitle "EXT 2018"]
[Source "ChessBase"]
[SourceDate "2017.10.13"]
[SourceVersion "1"]
[SourceVersionDate "2017.10.13"]
[SourceQuality "1"]

1. Nf3 d5 2. d3 Nf6 3. Nbd2 e6 4. g3 Bc5 5. Bg2 0-0 6. 0-0 Nc6 7. c3 Re8 8. Re1 Bb6 9. e4 d4 10. cxd4 Nxd4 11. Nxd4 Qxd4 12. Qe2 e5 13. Nb3 Qd6 14. Rd1 Bg4 15. Qd2 Bxd1 16. Qxd1 Rad8 17. Bg5 Qxd3 18. Qg4 Bxf2+ 19. Kxf2 Nxg4+ 20. Kg1 Rd6 21. Nc5 Qd4+ 0-1